00746nam a22002297a 45000010005000000030006000050050017000110080041000280200018000690400029000870500017001160820008001331000028001412450063001692600041002323000056002735050007003295200108003365210028004445210019004726500025004918932FISKH20251110133920.0251110b cb ||||| |||| 00| 0 eng d a9780448455532 aFISKHbengcFISKHdFISKH aPZ7 .S965634 a156 aBartlett, CraigeAuthor aA surprise for mom! :bDinosaur train /cBy Craig Bartlett aNew York :bGrosset & Dunlap ,c2011 a29 unnumbered pages :bcolor illustrations ;c21 cm aL  aIt's Mrs. Pteranodon's special day, and Buddy and his siblings want to show her how much they love her.8 a510 bLexile estimate 8 aL bRaz-Plus  aPicture bookvFamily